Statistics for Groups of Two #1

Click here to take the quiz!

General Stats

  • This quiz has been taken 81,085 times
    (27,219 since last reset)
  • The average score is 33 of 48

Answer Stats

CategoryAnswer% Correct
Countries that border the U.S.Canada
98%
Countries that border the U.S.Mexico
98%
Founders of Apple named SteveSteve Jobs
96%
First people in the BibleAdam
92%
First people in the BibleEve
92%
Cities struck by an atomic bombHiroshima
91%
National sports of CanadaIce Hockey
91%
Main stars of "Titanic"Leonardo DiCaprio
90%
Major U.S. comic book companiesMarvel
89%
Particles in an atomic nucleusNeutron
88%
Particles in an atomic nucleusProton
87%
Cities struck by an atomic bombNagasaki
85%
TropicsTropic of {Cancer}
85%
Major cities of ScotlandEdinburgh
82%
Sons of Princess DianaHarry
82%
TropicsTropic of {Capricorn}
82%
Major U.S. comic book companiesDC
80%
Countries on HispaniolaDominican Republic
78%
Sons of Princess DianaWilliam
77%
Major cities of ScotlandGlasgow
75%
Major passenger jet manufacturersBoeing
74%
Colonies returned to China
in the late 1990s
Hong Kong
74%
Egg-laying mammalsPlatypus
74%
Countries on HispaniolaHaiti
73%
Longest Chinese riversYellow River
71%
Main stars of "Titanic"Kate Winslet
69%
Palestinian territoriesGaza Strip
67%
Houses of English ParliamentHouse of Lords
65%
Major Mesopotamian RiversTigris
65%
Major Mesopotamian RiversEuphrates
64%
Houses of English ParliamentHouse of Commons
64%
Empires conquered by
the Conquistadors
Aztec
63%
Longest Chinese riversYangtze River
63%
Empires conquered by the ConquistadorsInca
61%
Mountain ranges dividing
Europe and Asia
Urals
58%
Loves of Bella SwanEdward Cullen
57%
Palestinian territoriesWest Bank
51%
Colonies returned to China in the late 1990sMacau
50%
Major passenger jet
manufacturers
Airbus
48%
Mountain ranges dividing Europe and AsiaCaucasus
46%
Loves of Bella SwanJacob Black
46%
Types of camelDromedary
42%
Founders of Apple named SteveSteve Wozniak
41%
Discoverers of DNA structureFrancis Crick
40%
Egg-laying mammalsEchidna
35%
National sports of CanadaLacrosse
35%
Discoverers of DNA structureJames Watson
34%
Types of camelBactrian
32%

Score Distribution

Percentile by Number Answered

Percent of People with Each Score

Your Score History

You have not taken this quiz since the last reset